| 000 | 01050nam a22002415i 4500 | ||
|---|---|---|---|
| 001 | 54292 | ||
| 003 | ES-MaACL | ||
| 005 | 20240416161426.0 | ||
| 007 | t| | ||
| 008 | 940202s1879 sp ||||1| spa d | ||
| 080 | _a821.134.2-82"18" | ||
| 100 | 1 |
_aFlores García, Francisco. _951283 |
|
| 245 | 1 | 0 |
_aGalería de tipos : _bretratos y cuadros de costumbres / _ctrazados por Francisco Flores García ; con un prólogo del Excmo. Sr. D. Pedro Antonio de Alarcón. |
| 260 |
_aMadrid : _bLibrería de Juan Rodríguez, _c1879. |
||
| 300 |
_aXXIV, 292 p. ; _c18 cm. |
||
| 530 | _aDisponible en formato digital. | ||
| 651 | 4 |
_aEspaña- _xUsos y costumbres- _yS.XIX. _98521 |
|
| 700 | 1 |
_aAlarcón, Pedro Antonio de, _d1833-1891 _919134 |
|
| 852 | 4 |
_aES-MaACL _jG-9714 |
|
| 856 | 4 |
_uhttp://bdh-rd.bne.es/viewer.vm?id=0000235975&page=1 _zBiblioteca Digital Hispánica |
|
| 856 | 4 |
_uhttps://bibliotecavirtualmadrid.comunidad.madrid/bvmadrid_publicacion/es/consulta/registro.do?id=348 _zBiblioteca Digital de la Comunidad de Madrid |
|
| 999 |
_c54292 _d54292 |
||